00709nam a2200229 a 450000100060000000300080000600500170001400800410003103500190007204000270009104100080011804300120012608200240013824500600016226000420022230000190026450000860028365000150036965100420038470000320042671000210045820915BD-RjUL20211209000628.0190311s1953 ii 000 0 eng d a(BD-RjUL)20977 aNICcNICbengdBD-RjUL aeng aa-ii--- 223a321.8bCHA 195304aThe challenge to democracy /cB. Shiva Rao ... [et al.] aDelhi :bPublications Division,c1953 a55 p. ;c21 cm a"A series of eight talks broadcast by All India Radio in its National Programme." 0aDemocracy. 0aIndiaxPolitics and governmenty1947-1 aRao, B. Shiva ... [et al.]2 aAll India Radio.